书目信息 |
| 题名: |
化工工艺学
|
|
| 作者: | 梁仁杰 编 | |
| 分册: | ||
| 出版信息: | 重庆 重庆大学出版社 1998.03 |
|
| 页数: | 467页 | |
| 开本: | 16开 | |
| 丛书名: | ||
| 单 册: | ||
| 中图分类: | TQ02 | |
| 科图分类: | ||
| 主题词: | 化工过程:物理过程 , 化工过程:物理化学过程 , 化工过程 | |
| 电子资源: | ||
| ISBN: | 7-5624-1528-5 | |
| 000 | 00584nam0 2200205 45 | |
| 001 | 2027531656 | |
| 005 | 20201030083108.39 | |
| 010 | @a7-5624-1528-5@dRMB 53.00 | |
| 100 | @a20000821d1998 km y0chiy0120 ea | |
| 101 | 0 | @achi |
| 200 | 1 | @a化工工艺学@AHua Gong Gong Yi Xue@f梁仁杰等编@FLiang Ren Jie Deng Bian |
| 210 | @a重庆@c重庆大学出版社@d1998.03 | |
| 215 | @a467页@d16开 | |
| 606 | 0 | @a化工过程:物理过程 |
| 606 | 0 | @a化工过程:物理化学过程 |
| 606 | 0 | @a化工过程 |
| 690 | @aTQ02@v3 | |
| 701 | 0 | @a梁仁杰@4编 |
| 801 | @aCN@bPftUser@c20000821 | |
| 905 | @dTQ02@eL411@b117295-304@f10 | |
| 化工工艺学/梁仁杰等编.-重庆:重庆大学出版社,1998.03 |
| 467页;16开 |
| ISBN 7-5624-1528-5:RMB 53.00 |
| ● |
| 相关链接 |
|
|
|
正题名:化工工艺学
索取号:TQ02/L411
 
预约/预借
| 序号 | 登录号 | 条形码 | 馆藏地/架位号 | 状态 | 备注 |
| 1 | 1349687 | 213496876 | 期刊室512/501自科库 137排5列5层/ [索取号:TQ02/L411] | 在馆 | |
| 2 | 1349688 | 213496885 | 期刊室512/501自科库 137排5列5层/ [索取号:TQ02/L411] | 在馆 | |
| 3 | 1500931 | 215009318 | 期刊室512/501自科库 137排5列5层/ [索取号:TQ02/L411] | 在馆 | |
| 4 | 1500932 | 215009327 | 自科库501/501自科库 137排5列5层/ [索取号:TQ02/L411] | 在馆 | |
| 5 | 1500933 | 215009336 | 自科库501/501自科库 137排5列5层/ [索取号:TQ02/L411] | 在馆 |